Online
Catalog

Las lanzas coloradas / (Record no. 8962)

MARC details
000 -CABECERA
campo de control de longitud fija 00512cam a2200169 a 4500
001 - NÚMERO DE CONTROL
campo de control 000009199
005 - FECHA Y HORA DE LA ÚLTIMA TRANSACCIÓN
campo de control 20200929161521.0
008 - DATOS DE LONGITUD FIJA--INFORMACIÓN GENERAL
campo de control de longitud fija 831122s1940 cl c 000 0 spa
040 ## - FUENTE DE LA CATALOGACIÓN
Centro catalogador/agencia de origen DO-SdBNP
Lengua de catalogación spa
Centro/agencia transcriptor BNPHU
082 ## - NÚMERO DE LA CLASIFICACIÓN DECIMAL DEWEY
Número de clasificación V863.44
Número de documento/Ítem U86L
100 1# - ENTRADA PRINCIPAL--NOMBRE DE PERSONA
Nombre de persona Uslar Pietri, Arturo,
Fechas asociadas al nombre 1906-2001.
9 (RLIN) 12623
245 14 - MENCIÓN DE TÍTULO
Título Las lanzas coloradas /
Mención de responsabilidad, etc. Arturo Uslar Pietri.
260 ## - PUBLICACIÓN, DISTRIBUCIÓN, ETC.
Lugar de publicación, distribución, etc. Santiago de Chile :
Nombre del editor, distribuidor, etc. Zig-zag,
Fecha de publicación, distribución, etc. 1940.
300 ## - DESCRIPCIÓN FÍSICA
Extensión 180 p. ;
Dimensiones 20 cm.
650 #4 - PUNTO DE ACCESO ADICIONAL DE MATERIA--TÉRMINO DE MATERIA
Término de materia o nombre geográfico como elemento de entrada Novela venezolana
9 (RLIN) 3962
650 #4 - PUNTO DE ACCESO ADICIONAL DE MATERIA--TÉRMINO DE MATERIA
Término de materia o nombre geográfico como elemento de entrada Literatura venezolana
9 (RLIN) 3816
Holdings
Estado de retiro Estado de pérdida Restricciones de uso No para préstamo Código de colección Localización permanente Ubicación/localización actual Ubicación en estantería Fecha de adquisición Número de inventario Total de préstamos Signatura topográfica completa Código de barras Fecha visto por última vez Precio válido a partir de Tipo de ítem Koha
    Préstamo interno   Monografías: Libros y Folletos General General En catalogación 28.09.2009 LF1   V863.44 U86L 9199-10 25.06.2020 25.06.2020 Préstamo interno

Powered by Koha